[Event "TUR-chT2"]
[Site "Konya"]
[Date "2017.07.10"]
[Round "2.22"]
[White "Nesanir, Ozgur"]
[Black "Peker, Yavuz Selim"]
[Result "1-0"]
[WhiteElo "1630"]
[BlackElo "1427"]
[PlyCount "91"]
[EventDate "2017.07.09"]
[EventType "team-swiss"]
[EventRounds "9"]
[EventCountry "TUR"]
[SourceTitle "CBM 179 Extra"]
[Source "ChessBase"]
[SourceDate "2017.08.23"]
[SourceVersion "1"]
[SourceVersionDate "2017.08.23"]
[SourceQuality "1"]
[WhiteTeam "Genclik VE"]
[BlackTeam "Edeler Gorme"]
[WhiteTeamCountry "TUR"]
[BlackTeamCountry "TUR"]

1. e4 c6 2. d4 d5 3. Nc3 dxe4 4. Nxe4 Bf5 5. Ng3 Bg6 6. Bc4 e6 7. N1e2 h6 8. Nf4 Bh7 9. 0-0 Bd6 10. Nfh5 Kf8 11. Qg4 g6 12. Nf4 Bxf4 13. Qxf4 g5 14. Qe5 Nf6 15. Nh5 Nbd7 16. Qd6+ Qe7 17. Qxe7+ Kxe7 18. Nxf6 Nxf6 19. c3 Nd5 20. g3 f5 21. Re1 b5 22. Bf1 Raf8 23. Bg2 f4 24. Bd2 Rhg8 25. Bf1 fxg3 26. fxg3 h5 27. b3 h4 28. c4 bxc4 29. bxc4 Nb6 30. Bb4+ Kd7 31. Bxf8 Rxf8 32. Bh3 Bf5 33. Rf1 g4 34. Bxg4 Nxc4 35. Bxf5 exf5 36. Rf3 hxg3 37. hxg3 Ke6 38. Rc1 Kd5 39. g4 Ne3 40. Rc5+ Kd6 41. gxf5 Nd5 42. Rh3 Rxf5 43. Rh6+ Ke7 44. Rhxc6 Rg5+ 45. Kf2 Rg7 46. Rxd5 1-0